[Event "EU Union-ch 3rd"]
[Site "Arvier"]
[Date "2007.06.24"]
[Round "10"]
[White "Giacometto, Mario"]
[Black "Beggi, Pierluigi"]
[Result "0-1"]
[WhiteElo "1931"]
[BlackElo "2141"]
[PlyCount "60"]
[EventDate "2007.06.15"]
[EventType "swiss"]
[EventRounds "10"]
[EventCountry "ITA"]
[SourceTitle "CBM 118 Extra"]
[Source "ChessBase"]
[SourceDate "2007.07.04"]
[SourceVersion "1"]
[SourceVersionDate "2007.07.04"]
[SourceQuality "1"]

1. e4 c5 2. Nf3 d6 3. d4 cxd4 4. Nxd4 Nf6 5. Nc3 Nc6 6. f3 e6 7. Be3 Be7 8. Qd2 d5 9. exd5 Nxd5 10. Nxd5 Qxd5 11. Nxc6 Qxc6 12. Bd3 0-0 13. 0-0 f5 14. Qf2 e5 15. Qe2 Be6 16. Bf2 Bf6 17. Rae1 Rac8 18. Kh1 e4 19. fxe4 Bxb2 20. Rb1 Bc3 21. Bxa7 Bxa2 22. Rb6 Qc7 23. exf5 Bd4 24. c3 Bxb6 25. Qxa2+ Kh8 26. f6 Bxa7 27. Qxa7 Rxf6 28. Rxf6 gxf6 29. h3 Re8 30. Qf2 Qxc3 0-1

[Event "EU Union-ch 3rd"]
[Site "Arvier"]
[Date "2007.06.18"]
[Round "4"]
[White "Llaneza Vega, Marcos"]
[Black "Beggi, Pierluigi"]
[Result "1/2-1/2"]
[WhiteElo "2455"]
[BlackElo "2141"]
[PlyCount "96"]
[EventDate "2007.06.15"]
[EventType "swiss"]
[EventRounds "10"]
[EventCountry "ITA"]
[SourceTitle "CBM 118 Extra"]
[Source "ChessBase"]
[SourceDate "2007.07.04"]
[SourceVersion "1"]
[SourceVersionDate "2007.07.04"]
[SourceQuality "1"]

1. e4 c5 2. Nc3 g6 3. d4 cxd4 4. Qxd4 Nf6 5. e5 Nc6 6. Qf4 Nh5 7. Qe3 Ng7 8. Bd3 Ne6 9. Nge2 Qa5 10. f4 Nb4 11. Bd2 Qc5 12. 0-0-0 Qxe3 13. Bxe3 Nxd3+ 14. Rxd3 Bg7 15. Nd5 b6 16. Nd4 Kd8 17. Rhd1 Nxd4 18. Rxd4 g5 19. Ra4 Bb7 20. g3 h5 21. Rxa7 Bxd5 22. Bxb6+ Kc8 23. Rc7+ Kb8 24. Rxd5 Ra6 25. Rdxd7 Rxb6 26. Rxe7 gxf4 27. gxf4 Bh6 28. Rxf7 Rb4 29. c3 Bxf4+ 30. Kc2 Rb6 31. Rh7 Rd8 32. b4 Bxh2 33. Rce7 Bf4 34. Rxh5 Rc6 35. Rh3 Bg5 36. Rf7 Re6 37. Rf5 Bd2 38. c4 Bxb4 39. Rb3 Rb6 40. a3 Bc5 41. e6 Rxb3 42. Kxb3 Rd3+ 43. Ka4 Bxa3 44. Kb5 Kc7 45. Rf7+ Kd8 46. Ra7 Re3 47. c5 Bxc5 48. Kxc5 Rxe6 1/2-1/2

[Event "EU Union-ch 3rd"]
[Site "Arvier"]
[Date "2007.06.16"]
[Round "2"]
[White "Gorse, Gerard"]
[Black "Beggi, Pierluigi"]
[Result "0-1"]
[WhiteElo "2058"]
[BlackElo "2141"]
[PlyCount "64"]
[EventDate "2007.06.15"]
[EventType "swiss"]
[EventRounds "10"]
[EventCountry "ITA"]
[SourceTitle "CBM 118 Extra"]
[Source "ChessBase"]
[SourceDate "2007.07.04"]
[SourceVersion "1"]
[SourceVersionDate "2007.07.04"]
[SourceQuality "1"]

1. d4 Nf6 2. c4 g6 3. g3 Bg7 4. Bg2 0-0 5. Nf3 d6 6. 0-0 Nbd7 7. Qc2 c6 8. Rd1 Qc7 9. Nc3 e5 10. h3 Re8 11. e4 exd4 12. Nxd4 Ne5 13. b3 a6 14. Be3 Rb8 15. Rac1 c5 16. Nde2 b5 17. cxb5 axb5 18. Qd2 Bxh3 19. Qxd6 Qxd6 20. Rxd6 Bxg2 21. Kxg2 b4 22. Na4 Nxe4 23. Rd5 c4 24. bxc4 Ra8 25. Nc5 Nxc5 26. Bxc5 Rxa2 27. Nf4 b3 28. Rb1 b2 29. Bb4 Nxc4 30. Rdd1 Ra1 31. Nd3 Rxb1 32. Rxb1 Rb8 0-1

[Event "Wch Seniors 16th"]
[Site "Arvier"]
[Date "2006.09.19"]
[Round "8"]
[White "Gutzeit, Avraham"]
[Black "Beggi, Pierluigi"]
[Result "1-0"]
[WhiteElo "2079"]
[BlackElo "2151"]
[PlyCount "49"]
[EventDate "2006.09.11"]
[EventType "swiss"]
[EventRounds "11"]
[EventCountry "ITA"]
[SourceTitle "CBM 114 Extra"]
[Source "ChessBase"]
[SourceDate "2006.11.03"]
[SourceVersion "1"]
[SourceVersionDate "2006.11.03"]
[SourceQuality "1"]

1. e4 c5 2. Nf3 d6 3. d4 cxd4 4. Nxd4 Nf6 5. Nc3 e6 6. Be3 a6 7. Be2 Be7 8. Qd2 b5 9. a3 0-0 10. g4 Bb7 11. f3 Nbd7 12. g5 Ne8 13. 0-0-0 Nb6 14. f4 d5 15. exd5 Nxd5 16. Nxd5 Bxd5 17. Rhg1 Nd6 18. f5 Ne4 19. Qe1 Kh8 20. Nc6 Bxc6 21. Rxd8 Raxd8 22. f6 gxf6 23. gxf6 Bxf6 24. Bd3 Rc8 25. Bh6 1-0

[Event "Wch Seniors 16th"]
[Site "Arvier"]
[Date "2006.09.15"]
[Round "5"]
[White "Beggi, Pierluigi"]
[Black "Zaric, Srboljub"]
[Result "0-1"]
[WhiteElo "2151"]
[BlackElo "2241"]
[PlyCount "62"]
[EventDate "2006.09.11"]
[EventType "swiss"]
[EventRounds "11"]
[EventCountry "ITA"]
[SourceTitle "CBM 114 Extra"]
[Source "ChessBase"]
[SourceDate "2006.11.03"]
[SourceVersion "1"]
[SourceVersionDate "2006.11.03"]
[SourceQuality "1"]

1. d4 e6 2. Nd2 Nf6 3. g3 c5 4. c3 Nc6 5. Ngf3 cxd4 6. cxd4 Qb6 7. e3 d5 8. Bd3 Nb4 9. Bb1 Bd7 10. 0-0 Bb5 11. Re1 Nd3 12. Bxd3 Bxd3 13. Ne5 Ba6 14. Nb3 Bd6 15. Bd2 Bxe5 16. dxe5 Nd7 17. Bc3 0-0 18. Bd4 Qb5 19. Qd2 b6 20. Rac1 Rfc8 21. Bc3 Qa4 22. Nd4 Qxa2 23. Ra1 Qc4 24. b3 Qd3 25. Red1 Nxe5 26. Qb2 Qxc3 27. Qxc3 Rxc3 28. Rxa6 Nc6 29. Nxc6 Rxc6 30. Rda1 g6 31. b4 Kg7 0-1

[Event "Montecatini Terme 5th"]
[Site "Montecatini Terme"]
[Date "2000.01.31"]
[Round "3"]
[White "Beggi, Pierluigi"]
[Black "Costantini, Roberto"]
[Result "1/2-1/2"]
[WhiteElo "2149"]
[BlackElo "2241"]
[PlyCount "85"]
[EventDate "2000.01.29"]
[EventType "tourn"]
[EventRounds "9"]
[EventCountry "ITA"]
[EventCategory "3"]
[SourceTitle "CBM 074 Extra"]
[Source "ChessBase"]
[SourceDate "2000.03.10"]
[SourceVersion "2"]
[SourceVersionDate "2000.03.10"]
[SourceQuality "1"]

1. Nf3 Nf6 2. g3 d5 3. Bg2 Bg4 4. c4 c6 5. Qb3 Qc8 6. Nc3 e6 7. d4 Be7 8. Ne5 Bf5 9. cxd5 exd5 10. e4 Nxe4 11. Bxe4 Bxe4 12. Nxe4 f6 13. Nxc6 bxc6 14. Nc3 Nd7 15. Be3 0-0 16. Rc1 Nb6 17. 0-0 Nc4 18. Qc2 Qh3 19. b3 Nb6 20. Qe2 Bd6 21. Qf3 f5 22. Bf4 Rf6 23. Ne2 Ba3 24. Rc2 Rc8 25. Bg5 Rf7 26. Nf4 Qg4 27. Qxg4 fxg4 28. Nd3 Rf5 29. Be3 Nd7 30. b4 Nb6 31. Bc1 Bxc1 32. Rfxc1 Nc4 33. Nb2 Nxb2 34. Rxb2 Rf3 35. b5 Rd3 36. Rb4 Rd2 37. bxc6 Rxa2 38. c7 Re2 39. Ra4 Re7 40. Rxa7 Kf7 41. Kf1 Re4 42. Rb7 Ke7 43. Rb4 1/2-1/2

[Event "Montecatini Terme 5th"]
[Site "Montecatini Terme"]
[Date "2000.01.30"]
[Round "2"]
[White "Skembris, Spyridon"]
[Black "Beggi, Pierluigi"]
[Result "1-0"]
[WhiteElo "2481"]
[BlackElo "2149"]
[PlyCount "69"]
[EventDate "2000.01.29"]
[EventType "tourn"]
[EventRounds "9"]
[EventCountry "ITA"]
[EventCategory "3"]
[SourceTitle "CBM 074 Extra"]
[Source "ChessBase"]
[SourceDate "2000.03.10"]
[SourceVersion "2"]
[SourceVersionDate "2000.03.10"]
[SourceQuality "1"]

1. d4 Nf6 2. c4 g6 3. Nc3 d5 4. cxd5 Nxd5 5. Bd2 Bg7 6. e4 Nb6 7. Be3 0-0 8. h3 Be6 9. d5 Bd7 10. a4 e6 11. a5 Nc8 12. Nf3 exd5 13. exd5 Nd6 14. Be2 Nf5 15. Bc5 Re8 16. 0-0 Nh4 17. Bd4 Bf8 18. Re1 Nf5 19. Be5 f6 20. Bh2 Bd6 21. Qb3 Na6 22. Bxa6 bxa6 23. Qc4 Bb5 24. Nxb5 axb5 25. Qxb5 Bxh2+ 26. Nxh2 Nd6 27. Qc6 Rb8 28. Rxe8+ Nxe8 29. Re1 Nd6 30. Re2 Kg7 31. Nf3 Rb4 32. Ng5 Kh6 33. Qc3 Ra4 34. b3 Ra3 35. Ne6 1-0

[Event "ITA-ch sf"]
[Site "Toscana"]
[Date "1999.??.??"]
[Round "3"]
[White "Prelati, Maurizio"]
[Black "Beggi, Pierluigi"]
[Result "0-1"]
[WhiteElo "2129"]
[BlackElo "2170"]
[PlyCount "46"]
[EventDate "1999.11.??"]
[EventType "swiss"]
[EventRounds "6"]
[EventCountry "ITA"]
[SourceTitle "CBM 073 Extra"]
[Source "ChessBase"]
[SourceDate "2000.01.11"]
[SourceVersion "1"]
[SourceVersionDate "2000.01.11"]
[SourceQuality "1"]

1. e4 c5 2. d4 cxd4 3. c3 d5 4. exd5 Qxd5 5. cxd4 Nc6 6. Nf3 e5 7. Nc3 Bb4 8. Bd2 Bxc3 9. Bxc3 e4 10. Ne5 Nxe5 11. dxe5 Ne7 12. Qe2 0-0 13. Rd1 Qxa2 14. Bb4 Qe6 15. Qxe4 Re8 16. Bb5 Nc6 17. 0-0 Bd7 18. Bc3 Rad8 19. Rd6 Qxd6 20. Bd3 Bf5 21. exd6 Bxe4 22. d7 Rxd7 23. Re1 Rxd3 0-1

[Event "Montecatini Terme"]
[Site "Montecatini Terme"]
[Date "1998.??.??"]
[Round "4"]
[White "Efimov, Igor"]
[Black "Beggi, Pierluigi"]
[Result "1-0"]
[WhiteElo "2525"]
[BlackElo "2205"]
[PlyCount "59"]
[EventDate "1998.??.??"]
[EventType "tourn"]
[EventRounds "10"]
[EventCountry "ITA"]
[EventCategory "3"]
[SourceTitle "EXT 1999"]
[Source "ChessBase"]
[SourceDate "1998.11.16"]
[SourceVersion "1"]
[SourceVersionDate "1998.11.16"]
[SourceQuality "1"]

1. e4 c5 2. Nf3 e6 3. d4 cxd4 4. Nxd4 a6 5. Nc3 Nc6 6. Be2 d6 7. 0-0 Be7 8. Be3 Nf6 9. f4 Qc7 10. Qe1 e5 11. fxe5 dxe5 12. Qg3 Nxd4 13. Bxd4 Bc5 14. Bxc5 Qxc5+ 15. Kh1 Kf8 16. Nd5 Nxe4 17. Qxe5 Nf6 18. Rad1 Be6 19. b4 Qc6 20. Nxf6 gxf6 21. Qxf6 Rg8 22. Bf3 Qc8 23. Bd5 Rg6 24. Qh8+ Ke7 25. Qxh7 Qg8 26. Qh4+ Kf8 27. Be4 Rg4 28. Rd8+ Rxd8 29. Qxd8+ Kg7 30. Qf6+ 1-0

[Event "Viareggio op"]
[Site "Viareggio"]
[Date "1997.??.??"]
[Round "?"]
[White "Sarno, Spartaco"]
[Black "Beggi, Pierluigi"]
[Result "1-0"]
[WhiteElo "2430"]
[BlackElo "2200"]
[PlyCount "97"]
[EventDate "1997.??.??"]
[EventType "swiss"]
[EventRounds "5"]
[EventCountry "ITA"]
[SourceTitle "EXT 2000"]
[Source "ChessBase"]
[SourceDate "1999.11.16"]
[SourceVersion "1"]
[SourceVersionDate "1999.11.16"]
[SourceQuality "1"]

1. c4 Nf6 2. Nf3 g6 3. g3 Bg7 4. Bg2 0-0 5. 0-0 c5 6. d4 cxd4 7. Nxd4 Nc6 8. Nc2 d6 9. Nc3 Ng4 10. Bd2 Nge5 11. b3 Be6 12. h3 a5 13. Ne3 Nd7 14. Rb1 Nc5 15. Ned5 Bf5 16. e4 Bd7 17. Kh2 Nb4 18. Bg5 Nxd5 19. Nxd5 f6 20. Be3 b6 21. Qd2 Rb8 22. Rfe1 Bc6 23. Rbd1 Kh8 24. Bd4 Rf7 25. f4 e6 26. Nc3 Rd7 27. f5 e5 28. Be3 g5 29. Bf3 Qe7 30. Qg2 Rg8 31. Bh5 Bf8 32. Rd2 Qd8 33. Red1 Qa8 34. Nd5 Bxd5 35. cxd5 Qa7 36. Rc2 Bg7 37. Bg1 Rc7 38. Rdc1 Rgc8 39. Qe2 Nd7 40. Rxc7 Rxc7 41. Rc6 Bf8 42. Qb5 Rb7 43. Rc8 Rc7 44. Bxb6 Rb7 45. Bxa7 Rxb5 46. Be8 Kg7 47. Bxd7 Rb7 48. Bf2 Rxd7 49. Ra8 1-0

[Event "ITA-chT UISP 17th"]
[Site "Montecatini Terme"]
[Date "1996.12.??"]
[Round "1"]
[White "Arnetta, Benedetto"]
[Black "Beggi, Pierluigi"]
[Result "1/2-1/2"]
[WhiteElo "1609"]
[BlackElo "2220"]
[PlyCount "54"]
[EventDate "1996.12.??"]
[EventType "team-swiss"]
[EventRounds "8"]
[EventCountry "ITA"]
[SourceTitle "EXT 2024"]
[Source "ChessBase"]
[SourceDate "2023.10.10"]
[SourceVersion "1"]
[SourceVersionDate "2023.10.10"]
[SourceQuality "1"]

1. e4 c5 2. Nf3 Nc6 3. d4 cxd4 4. Nxd4 Nf6 5. Nc3 d6 6. Be2 e6 7. 0-0 Be7 8. Kh1 Bd7 9. f4 0-0 10. f5 Nxd4 11. Qxd4 Qa5 12. Bd2 Qe5 13. Qxe5 dxe5 14. Bd3 Bc5 15. Rf3 exf5 16. exf5 Bc6 17. Rg3 Bf2 18. Rh3 Rad8 19. Bg5 Rd4 20. Bxf6 gxf6 21. Rf1 Bh4 22. Re3 Rfd8 23. Ne4 Bxe4 24. Rxe4 Bg5 25. g3 Bd2 26. Rf2 Bc1 27. b3 b6 1/2-1/2

[Event "ITA-chT UISP 17th"]
[Site "Montecatini Terme"]
[Date "1996.12.??"]
[Round "3"]
[White "Lucaroni, Massimiliano"]
[Black "Beggi, Pierluigi"]
[Result "1-0"]
[WhiteElo "2265"]
[BlackElo "2220"]
[PlyCount "69"]
[EventDate "1996.12.??"]
[EventType "team-swiss"]
[EventRounds "8"]
[EventCountry "ITA"]
[SourceTitle "EXT 2024"]
[Source "ChessBase"]
[SourceDate "2023.10.10"]
[SourceVersion "1"]
[SourceVersionDate "2023.10.10"]
[SourceQuality "1"]

1. e4 c5 2. Nc3 Nc6 3. Nf3 d6 4. d4 cxd4 5. Nxd4 Nf6 6. Be2 e6 7. 0-0 Be7 8. Be3 0-0 9. f4 Bd7 10. Nb3 a6 11. a4 Na5 12. Nd2 d5 13. e5 Ne8 14. Bd3 f5 15. Ne2 Rc8 16. Nd4 Nc4 17. Nxc4 dxc4 18. Be2 c3 19. b3 Bc5 20. Qd3 Bc6 21. Nxf5 Rxf5 22. Bxc5 Qh4 23. g4 Rf7 24. Bf2 Qe7 25. Bd4 Bd5 26. Qe3 g6 27. Rad1 Ng7 28. Bf3 Bxf3 29. Qxf3 g5 30. Qe4 gxf4 31. Rxf4 Rxf4 32. Qxf4 Rf8 33. Qh6 Qf7 34. Qf6 Qd7 35. Qxf8+ 1-0

[Event "ITA-chT UISP"]
[Site "Montecatini Terme"]
[Date "1996.??.??"]
[Round "7"]
[White "Beggi, Pierluigi"]
[Black "Nannelli, Paolo"]
[Result "1/2-1/2"]
[WhiteElo "2220"]
[BlackElo "2265"]
[PlyCount "60"]
[EventDate "1996.??.??"]
[EventType "team"]
[EventRounds "9"]
[EventCountry "ITA"]
[SourceTitle "EXT 2001"]
[Source "ChessBase"]
[SourceDate "2000.11.22"]
[SourceVersion "1"]
[SourceVersionDate "2000.11.22"]
[SourceQuality "1"]

1. c4 g6 2. Nc3 Bg7 3. g3 e5 4. Bg2 d6 5. d3 Nf6 6. e3 0-0 7. Nge2 a5 8. 0-0 c6 9. Rb1 Na6 10. a3 d5 11. cxd5 cxd5 12. d4 exd4 13. Nxd4 Nc5 14. b4 axb4 15. axb4 Nce4 16. Bb2 Re8 17. Ra1 Rxa1 18. Bxa1 h5 19. Qc2 h4 20. Nxe4 dxe4 21. Ne2 Qe7 22. Qc5 Qxc5 23. bxc5 h3 24. Bh1 Bf5 25. Bd4 Nd7 26. f3 exf3 27. Bxf3 Bd3 28. Kf2 Ne5 29. Rd1 Nxf3 30. Kxf3 Be4+ 1/2-1/2

[Event "ITA-chT"]
[Site "Italy"]
[Date "1996.??.??"]
[Round "?"]
[White "Rago, Riccardo"]
[Black "Beggi, Pierluigi"]
[Result "1/2-1/2"]
[WhiteElo "2230"]
[BlackElo "2220"]
[PlyCount "35"]
[EventDate "1996.??.??"]
[EventType "team"]
[EventRounds "7"]
[EventCountry "ITA"]
[SourceTitle "EXT 2000"]
[Source "ChessBase"]
[SourceDate "1999.11.16"]
[SourceVersion "1"]
[SourceVersionDate "1999.11.16"]
[SourceQuality "1"]

1. e4 c5 2. Nf3 Nc6 3. d4 cxd4 4. Nxd4 Nf6 5. Nc3 d6 6. Bc4 Qb6 7. Nb3 e6 8. Be3 Qc7 9. 0-0 a6 10. a4 b6 11. f4 Be7 12. Kh1 0-0 13. Nd4 Nxd4 14. Qxd4 d5 15. exd5 Bc5 16. Qe5 Bd6 17. Qd4 Bc5 18. Qe5 1/2-1/2

[Event "ITA-ch"]
[Site "Italy"]
[Date "1995.??.??"]
[Round "?"]
[White "Gaggiottini, Manfredo"]
[Black "Beggi, Pierluigi"]
[Result "1/2-1/2"]
[WhiteElo "2095"]
[BlackElo "2220"]
[PlyCount "37"]
[EventDate "1995.??.??"]
[EventType "swiss"]
[EventRounds "7"]
[EventCountry "ITA"]
[SourceTitle "EXT 2002"]
[Source "ChessBase"]
[SourceDate "2001.11.25"]
[SourceVersion "1"]
[SourceVersionDate "2001.11.25"]
[SourceQuality "1"]

1. e4 c5 2. Nf3 d6 3. d4 cxd4 4. Nxd4 Nf6 5. Nc3 Nbd7 6. g4 h6 7. Be3 h5 8. g5 Ng4 9. g6 fxg6 10. Ne6 Nxe3 11. fxe3 Qa5 12. Bb5 a6 13. 0-0 axb5 14. b4 Qa7 15. Nc7+ Kd8 16. Ne6+ Ke8 17. Nc7+ Kd8 18. Ne6+ Ke8 19. Nc7+ 1/2-1/2

[Event "ITA-chT A1"]
[Site "Italy"]
[Date "1994.04.10"]
[Round "6.3"]
[White "Beggi, Pierluigi"]
[Black "Grassi, Mario"]
[Result "1/2-1/2"]
[WhiteElo "2220"]
[BlackElo "2181"]
[PlyCount "80"]
[EventDate "1994.01.30"]
[EventType "team-tourn"]
[EventRounds "7"]
[EventCountry "ITA"]
[SourceTitle "EXT 2022"]
[Source "ChessBase"]
[SourceDate "2021.10.06"]
[SourceVersion "1"]
[SourceVersionDate "2021.10.06"]
[SourceQuality "1"]
[WhiteTeam "Pisa"]
[BlackTeam "Genova Centurini"]
[WhiteTeamCountry "ITA"]
[BlackTeamCountry "ITA"]

1. d4 Nf6 2. c4 c5 3. e3 g6 4. Nf3 Bg7 5. Nc3 0-0 6. Be2 d6 7. 0-0 b6 8. a3 Nc6 9. d5 Na5 10. Rb1 Bf5 11. Bd3 Bxd3 12. Qxd3 Nb3 13. Ne2 Nxc1 14. Rfxc1 Qd7 15. b4 Rfc8 16. b5 a6 17. e4 Ne8 18. Rb3 axb5 19. Rxb5 Ra6 20. Rcb1 Qa7 21. R5b3 Ra8 22. h3 Rxa3 23. Rxa3 Qxa3 24. Qxa3 Rxa3 25. Rxb6 Ra1+ 26. Kh2 Ra2 27. Ng3 Rxf2 28. Rb8 Kf8 29. e5 Bh6 30. exd6 exd6 31. Ne4 Re2 32. Nf6 Bf4+ 33. Kg1 h5 34. Kf1 Re7 35. Rd8 Bg3 36. h4 Re3 37. Kg1 Re2 38. Kf1 Re3 39. Kg1 Re7 40. Kf1 Re3 1/2-1/2

[Event "ITA-chT A1"]
[Site "Italy"]
[Date "1994.01.30"]
[Round "1.3"]
[White "Beggi, Pierluigi"]
[Black "Malfagia, Andrea"]
[Result "1-0"]
[WhiteElo "2220"]
[BlackElo "2320"]
[PlyCount "43"]
[EventDate "1994.01.30"]
[EventType "team-tourn"]
[EventRounds "7"]
[EventCountry "ITA"]
[SourceTitle "EXT 2022"]
[Source "ChessBase"]
[SourceDate "2021.10.06"]
[SourceVersion "1"]
[SourceVersionDate "2021.10.06"]
[SourceQuality "1"]
[WhiteTeam "Pisa"]
[BlackTeam "Perugia Ras"]
[WhiteTeamCountry "ITA"]
[BlackTeamCountry "ITA"]

1. d4 e6 2. Nd2 c5 3. e3 Nf6 4. Ngf3 b6 5. Bd3 Bb7 6. 0-0 Be7 7. b3 0-0 8. Bb2 d5 9. Qe2 Nbd7 10. Rfd1 Rc8 11. Rac1 Qc7 12. c4 Qb8 13. Ne5 Rfd8 14. Ndf3 Bd6 15. Bb1 dxc4 16. Nxd7 Bxf3 17. Nxf6+ gxf6 18. Qxf3 Bxh2+ 19. Kh1 Rd5 20. dxc5 Rcxc5 21. Rxd5 Rxd5 22. g3 1-0

[Event "Forli op"]
[Site "Forli"]
[Date "1994.??.??"]
[Round "?"]
[White "Beggi, Pierluigi"]
[Black "Sarno, Spartaco"]
[Result "0-1"]
[WhiteElo "2220"]
[BlackElo "2395"]
[PlyCount "62"]
[EventDate "1994.??.??"]
[EventType "swiss"]
[EventRounds "9"]
[EventCountry "ITA"]
[SourceTitle "EXT 2002"]
[Source "ChessBase"]
[SourceDate "2001.11.25"]
[SourceVersion "1"]
[SourceVersionDate "2001.11.25"]
[SourceQuality "1"]

1. c4 e5 2. Nc3 Nf6 3. d4 exd4 4. Qxd4 Nc6 5. Qd2 g6 6. g3 Bg7 7. Bg2 0-0 8. Nh3 d6 9. Nf4 Nd7 10. b3 Nc5 11. Bb2 Ne5 12. 0-0 Re8 13. Rad1 a5 14. Qc1 c6 15. Ne4 Nxe4 16. Bxe4 f5 17. Bg2 Nf7 18. Rd2 Qe7 19. Rfd1 Be5 20. Nd3 Bg7 21. Nf4 Be6 22. Rd3 Be5 23. Re3 Qf6 24. Bxe5 dxe5 25. Nxe6 Qxe6 26. Red3 Re7 27. e4 fxe4 28. Bxe4 Qf6 29. Rf3 Qg7 30. c5 Kh8 31. Rd6 Nxd6 0-1

[Event "Montecatini Terme op"]
[Site "Montecatini Terme"]
[Date "1994.??.??"]
[Round "?"]
[White "Cecconi, Giovanni Alberto"]
[Black "Beggi, Pierluigi"]
[Result "1-0"]
[WhiteElo "2240"]
[BlackElo "2220"]
[PlyCount "126"]
[EventDate "1994.??.??"]
[EventType "swiss"]
[EventRounds "9"]
[EventCountry "ITA"]
[SourceTitle "EXT 1999"]
[Source "ChessBase"]
[SourceDate "1998.11.16"]
[SourceVersion "1"]
[SourceVersionDate "1998.11.16"]
[SourceQuality "1"]

1. c4 Nf6 2. Nc3 g6 3. g3 d5 4. cxd5 Nxd5 5. Bg2 Nb6 6. Nf3 Bg7 7. 0-0 0-0 8. d3 Nc6 9. Be3 e5 10. Rc1 Nd4 11. Ne4 Nd5 12. Bg5 f6 13. Nxd4 exd4 14. Bd2 c6 15. Qa4 Re8 16. Rfe1 Nb6 17. Qa3 Be6 18. Nc5 Bc8 19. Ba5 Bf8 20. Qb3+ Kh8 21. e3 Bh6 22. Qf7 dxe3 23. fxe3 Qe7 24. Qxe7 Rxe7 25. Kf2 Nd5 26. Bd2 b6 27. Nb3 Bb7 28. Bxd5 cxd5 29. Nd4 Rae8 30. Nb5 Rd8 31. Bb4 Red7 32. Rc2 Ba6 33. a4 Bg7 34. Rec1 f5 35. d4 Bh6 36. Rc7 Bxb5 37. axb5 Bg5 38. Kf3 Bf6 39. R1c6 Kg7 40. Kf4 Kf7 41. Bd6 Bg7 42. Be5 Bh6+ 43. Kf3 Bg5 44. h4 Be7 45. Bf4 Ke8 46. Bg5 Rxc7 47. Rxc7 Rd7 48. Rc8+ Kf7 49. Bxe7 Kxe7 50. Kf4 Kf7 51. Rc6 Kg7 52. h5 gxh5 53. Kxf5 Rf7+ 54. Kg5 Rf3 55. Rc7+ Kg8 56. Rxa7 Rxe3 57. Ra3 Re2 58. Ra6 Rxb2 59. Rxb6 Rb4 60. Kf6 h6 61. Rb8+ Kh7 62. b6 Rxd4 63. Rb7+ Kg8 1-0